Stolice - Statystyki

Ogólne statystyki
  • Ten quiz został rozwiązany 41 razy
  • Średni wynik to 14 z 16
Answers on the Grid
Answers color-coded by a green-red scale on the quiz's grid according to % correct below.
Stambuł
Nowy York
Ryga
Kowno
Zagrzeb
Barcelona
Toronto
Sao Paulo
Rzym
Ateny
Sofia
Kair
Lizbona
Monachium
Mediolan
Rabat
Baku
Tokio
Szanghaj
Mumbaj
Wiedeń
Moskwa
Petersburg
Kijów
Mińsk
Rotterdam
Kopenhaga
Zurych
Sydney
Bukareszt
 
Statystyki odpowiedzi
Odpowiedź % Poprawnych
Ryga
100%
Rzym
100%
Zagrzeb
100%
Bukareszt
91%
Kijów
91%
Wiedeń
91%
Ateny
82%
Kopenhaga
82%
Lizbona
82%
Mińsk
82%
Moskwa
82%
Sofia
82%
Tokio
82%
Kair
73%
Rabat
73%
Baku
64%
Nie znaleziono quizów pasujących do podanych kryteriów
Rozkład punktacji
Procent ludzi z każdym wynikiem
Percentyl według liczby udzielonych odpowiedzi
Twoja historia wyników
Nie rozwiązałeś tego quizu